Statistics for 💯 Most given Baby Boy 👦 names in France 🇫🇷 in 1995

Click here to take the quiz!

General Stats

  • This quiz has been taken 63 times
  • The average score is 42 of 100

Answer Stats

OrderName% Correct
#98Alex
87%
#26Paul
85%
#3Thomas
83%
#35David
79%
#24Lucas
79%
#18Pierre
79%
#93Marc
77%
#67Jean
74%
#32Louis
74%
#64Charles
72%
#2Alexandre
70%
#1Nicolas
70%
#36Arthur
68%
#5 | #95Kévin
68%
#50Léo
68%
#85Christophe
64%
#86Gabriel
64%
#30Théo
64%
#9Antoine
62%
#17Benjamin
62%
#31Hugo
62%
#7Julien
62%
#39Victor
62%
#83Olivier
60%
#38Simon
60%
#79Tom
60%
#76William
60%
#21Adrien
57%
#59Nathan
57%
#65Samuel
57%
#19Vincent
57%
#96Jules
53%
#27Sébastien
53%
#11Anthony
51%
#78Martin
51%
#54François
49%
#22Jérémy
47%
#4Maxime
47%
#47Raphaêl
47%
#15Clément
45%
#29Damien
45%
#56Florent
45%
#10Florian
45%
#99Frédéric
45%
#12Guillaume
43%
#33Jonathan
43%
#41Matthieu
43%
#14Alexis
40%
#37Axel
40%
#71Maxence
40%
#55Benoît
38%
#6Quentin
38%
#92Stéphane
38%
#16Valentin
38%
#94Xavier
38%
#44Bastien
36%
#23Mathieu
36%
#73Mohamed
36%
#28Baptiste
34%
#20Jordan
34%
#49Steven
34%
#8Dylan
32%
#52Christopher
30%
#80Etienne
30%
#43Rémi
30%
#68Yann
30%
#42Aurélien
28%
#51Fabien
28%
#84Jérôme
28%
#34Loïc
28%
#13Romain
28%
#25Corentin
26%
#61Jason
26%
#48Robin
26%
#58Cédric
23%
#45Arnaud
21%
#89Jimmy
21%
#91Morgan
21%
#66Rémy
21%
#40Thibault
21%
#70Bryan
19%
#81Jean-Baptiste
19%
#74Sylvain
19%
#77Tristan
19%
#62Cyril
17%
#57Ludovic
17%
#69Thibaut
17%
#87Yoann
17%
#53Gaëtan
15%
#60Mehdi
15%
#46Mickael
15%
#88Tony
15%
#100Yohan
15%
#72Dimitri
13%
#82Geoffrey
13%
#63Brandon
11%
#90Dorian
9%
#97Erwan
9%
#75Tanguy
4%

Score Distribution

Percentile by Number Answered

Percent of People with Each Score

Your Score History

You have not taken this quiz